समकालीन बुद्ध-धर्म के सामाजिक आयाम/ (Record no. 67514)

MARC details
000 -LEADER
fixed length control field 01885nam a22002537a 4500
005 - DATE AND TIME OF LATEST TRANSACTION
control field 20120604171645.0
010 ## - LCCN (DPL NO)
LC control number B-487220-223
020 ## - INTERNATIONAL STANDARD BOOK NUMBER
Terms of availability 250.00
035 ## - SYSTEM CONTROL NUMBER
System control number B-487220-223
037 ## - SOURCE OF ACQUISITION
Source of stock number/acquisition ब्लूबेरी बुक्स
082 ## - DEWEY DECIMAL CLASSIFICATION NUMBER
Classification number 250
100 ## - MAIN ENTRY--PERSONAL NAME
Personal name चौधरी, संघमित्रा
245 ## - TITLE STATEMENT
Title समकालीन बुद्ध-धर्म के सामाजिक आयाम/
Statement of responsibility, etc संघमित्रा चौधरी
260 ## - PUBLICATION, DISTRIBUTION, ETC. (IMPRINT)
Place of publication, distribution, etc नई दिल्ली
Name of publisher, distributor, etc सम्यक प्रकाशन
Date of publication, distribution, etc 2011
270 ## - ADDRESS
Address 32/3, पश्चिमपुरी
Postal code 110063
Telephone number 9810249452
300 3# - PHYSICAL DESCRIPTION
Extent 367 पृ.
Dimensions 22 सें.मी.(अजिल्द)
942 ## - ADDED ENTRY ELEMENTS (KOHA)
Source of classification or shelving scheme Dewey Decimal Classification
Item type Hindi Books
Call number suffix चौधरी
Classification part 250
Holdings
Withdrawn status Lost status Not for loan Home library Current library Date acquired Cost, normal purchase price Full call number Cost, replacement price Koha item type Collection code Source of acquisition Barcode Copy number
      Andrews Gunj Andrews Gunj 04/06/2012 250.00 चौधरी 250.00 Hindi Books        
      Central Library Central Library 01/01/2013 250.00 250 चौधरी 250.00 Hindi Books Non-fiction ब्लूबेरी बुक्स/9383/27.08.12/03.27.07.12/19.09.12 B-487220 1
      Karol Bagh Karol Bagh 01/01/2013 250.00 250 चौधरी 250.00 Hindi Books Non-fiction ब्लूबेरी बुक्स/9383/27.08.12/03.27.07.12/19.09.12 B-487222 1
      Sarojini Nagar Sarojini Nagar 01/01/2013 250.00 250 चौधरी 250.00 Hindi Books Non-fiction ब्लूबेरी बुक्स/9383/27.08.12/03.27.07.12/19.09.12 B-487221 1
      Shahdara Branch Shahdara Branch 01/01/2013 250.00 250 चौधरी 250.00 Hindi Books Non-fiction ब्लूबेरी बुक्स/9383/27.08.12/03.27.07.12/19.09.12 B-487223 1

© Delhi Public Library
Hit Counter
free hit counter